logo

Bir Sreshtho Munshi Abdur Rouf Library
Jhenaidah Cadet College

Success in commerce / (Record no. 8615)

MARC details
000 -LEADER
fixed length control field 00719nam a2200277 a 4500
001 - CONTROL NUMBER
JCCL Control Number 8615
003 - CONTROL NUMBER IDENTIFIER
JCCL marc code BD-JhCC
005 - DATE AND TIME OF LATEST TRANSACTION
control field 20211013134021.0
008 - FIXED-LENGTH DATA ELEMENTS--GENERAL INFORMATION
fixed length control field 930319s1993 enka 000 0 eng d
020 ## - INTERNATIONAL STANDARD BOOK NUMBER
International Standard Book Number 0719551579
020 ## - INTERNATIONAL STANDARD BOOK NUMBER
International Standard Book Number 071955277X (Internationalstudent ed.)
035 ## - SYSTEM CONTROL NUMBER
system control number (BD-JhCC)8615
040 ## - CATALOGING SOURCE
Original cataloging agency BD-JhCC
Modifying agency BD-JhCC
041 ## - LANGUAGE CODE
Language code of Book eng
082 ## - DEWEY DECIMAL CLASSIFICATION NUMBER
Classification number 380.1
Author mark and Year LOB 2005
100 1# - MAIN ENTRY--PERSONAL NAME
Personal name Lobley, Derek,
Dates associated with a name 1938-
245 10 - TITLE STATEMENT
Title Success in commerce /
Statement of responsibility, etc Derek Lobley
250 ## - EDITION STATEMENT
Edition statement 4th ed
260 ## - PUBLICATION, DISTRIBUTION, ETC. (IMPRINT)
Place of publication, distribution, etc London :
Name of publisher, distributor, etc John Murray,
Date of publication, distribution, etc 1993
300 ## - PHYSICAL DESCRIPTION
Pagination 291 p. :
Other physical details ill. ;
Dimensions 22 cm
504 ## - BIBLIOGRAPHY, ETC. NOTE
Bibliography, etc Includes index
650 #0 - SUBJECT ADDED ENTRY--TOPICAL TERM
Topical term or geographic name as entry element Commerce
General subdivision Textbooks
830 #0 - SERIES ADDED ENTRY--UNIFORM TITLE
Uniform title Success studybooks
942 ## - ADDED ENTRY ELEMENTS (KOHA)
Source of classification or shelving scheme Dewey Decimal Classification
Koha item type Books
Koha issues (borrowed), all copies 2
Holdings
Source of classification or shelving scheme Damaged status Not for loan Home library Current library Shelving location Date of accession Total Checkouts Full call number Barcode Date last seen Date checked out Copy number Koha item type
Dewey Decimal Classification     JCC Rouf Library JCC Rouf Library General Stacks 02/28/2018 1 380.1 LOB 2005 11291 10/17/2021 10/12/2021 C - 1 Books

JCC Library | Contacts | JCC Home

Last Update on 23 September 2017
Copyright @ 2017-2020 JCC Rouf Library
Rouf Library, Jhenidah Cadet College (JCC), Bangladesh